Spatial Competition and Equilibrium in a Circular Market
Na minha lista:
| Autor principal: | |
|---|---|
| Formato: | Livro |
| Idioma: | inglês |
| Publicado em: |
Kiel
Institut für Weltwirtschaft
1993
|
| Colecção: | Kiel Working Paper
No.609 |
| Assuntos: | |
| Tags: |
Sem tags, seja o primeiro a adicionar uma tag!
|
MARC
| LEADER | 00000nam a2200000 4500 | ||
|---|---|---|---|
| 001 | c005355 | ||
| 005 | 20250521093059.1 | ||
| 041 | 0 | |a eng | |
| 044 | |a DE | ||
| 245 | 1 | 0 | |a Spatial Competition and Equilibrium in a Circular Market |c Andreas Kopp |
| 264 | 1 | |a Kiel |b Institut für Weltwirtschaft |c 1993 | |
| 300 | |a 20 s. | ||
| 490 | 1 | |a Kiel Working Paper |v No.609 | |
| 830 | 0 | |a Kiel Working Paper |v No.609 | |
| 610 | 2 | 0 | |a trh |
| 610 | 2 | 0 | |a konkurencia |
| 610 | 2 | 0 | |a modely trhu |
| 610 | 2 | 0 | |a firmy |
| 100 | 1 | |a Kopp, Andreas | |